|
|
|
|
| LEADER |
01392nam a2200349 a 4500 |
| 001 |
32589 |
| 003 |
BD-DhAAL |
| 005 |
20211116112931.0 |
| 008 |
180117t1984 fr a b i000 0 eng |
| 999 |
|
|
|c 39009
|d 39009
|
| 010 |
|
|
|a 84242786
|
| 020 |
|
|
|a 9231021745 (pbk.)
|
| 040 |
|
|
|a DLC
|c DLC
|d DLC
|d BD-DhAAL
|
| 050 |
0 |
0 |
|a NA6007.W4
|b I84 1984
|
| 082 |
0 |
0 |
|a 726.2095414
|2 19
|
| 245 |
0 |
4 |
|a The Islamic heritage of Bengal /
|c edited by George Michell.
|
| 260 |
|
|
|a Paris :
|b Unesco,
|c c1984.
|
| 300 |
|
|
|a 239 pages :
|b illustrations ;
|c 30 cm.
|
| 440 |
|
0 |
|a Protection of the cultural heritage.
|p Research papers ;
|v 1
|9 24664
|
| 504 |
|
|
|a Includes bibliographical references.
|
| 526 |
|
|
|a AAL
|
| 541 |
|
|
|a Development Book Agency
|e 32589
|
| 650 |
|
0 |
|a Religious institutions
|z India
|z West Bengal
|x Buildings.
|9 24665
|
| 650 |
|
0 |
|a Islamic architecture
|z India
|z West Bengal.
|9 24666
|
| 650 |
|
0 |
|a Religious institutions
|z Bangladesh
|x Buildings.
|9 24667
|
| 650 |
|
0 |
|a Islamic architecture
|z Bangladesh.
|9 24668
|
| 650 |
|
0 |
|a Architecture.
|9 42713
|
| 700 |
1 |
|
|a Michell, George.
|9 24669
|
| 710 |
2 |
|
|a Unesco.
|9 24670
|
| 852 |
|
|
|a Ayesha Abed Library
|c General Stacks
|
| 942 |
|
|
|2 ddc
|c BK
|
| 952 |
|
|
|0 0
|1 0
|2 ddc
|4 0
|6 726_209541400000000_ISL
|7 0
|9 62602
|a BRACUL
|b BRACUL
|c GEN
|d 2018-01-17
|e Development Book Agency
|g 4200.00
|l 5
|m 22
|o 726.2095414 ISL
|p 3010032589
|r 2025-11-03
|s 2025-10-22
|t 1
|v 4200.00
|w 2018-01-17
|y BK
|